{"text_format":"3","workbook":"xlsx","n_sheets":7,"sheets":["表3-5 单位工程预算价汇总表","表3-6 分部分项工程计价表","3.1措施项目费汇总表（输出清单项）","表3-13 其他项目计价表","表3-19 规费和税金项目计算表","5.5主要材料价格表","1.1.2综合单价计算表"],"read":"whole","date_system":"1900"}

{"sheet":"表3-5 单位工程预算价汇总表","index":0,"n_rows":22,"n_cols":6,"rows_kept":22,"merged":[[0,0,0,5],[1,0,1,2],[1,4,1,5],[2,2,2,4],[3,2,3,4],[4,2,4,4],[5,2,5,4],[6,2,6,4],[7,2,7,4],[8,2,8,4],[9,2,9,4],[10,2,10,4],[11,2,11,4],[12,2,12,4],[13,2,13,4],[14,2,14,4],[15,2,15,4],[16,2,16,4],[17,2,17,4],[18,2,18,4],[19,2,19,4],[20,2,20,4],[21,2,21,4],[22,2,22,4],[23,2,23,4],[24,2,24,4],[25,2,25,4],[26,2,26,4],[27,2,27,4],[28,2,28,4],[29,2,29,4],[30,2,30,4],[31,2,31,4],[32,2,32,4],[33,2,33,4],[34,2,34,4],[35,2,35,4]]}
["单位工程造价汇总表"]
["工程名称：南村镇南雅学校围墙加高改造工程总预算（含其他费用及预备费）",{"$nulls":3},"第 1 页  共 1 页"]
["序号","费 用 名 称","计 算 基 础",null,null,"金  额（元）"]
["1","分部分项合计","分部分项合计",null,null,166731.12]
["2","措施合计","绿色施工安全防护措施费+其他措施费",null,null,11658.75]
["2.1","绿色施工安全防护措施费","安全及文明施工措施费",null,null,11658.75]
["2.2","其他措施费","其他措施费"]
["3","其他项目","其他项目合计",null,null,2589.67]
["3.1","暂列金额","暂列金额"]
["3.2","暂估价","暂估价合计"]
["3.3","计日工","计日工"]
["3.4","总承包服务费","总承包服务费"]
["3.5","预算包干费","预算包干费",null,null,2589.67]
["3.6","工程优质费","工程优质费"]
["3.7","概算幅度差","概算幅度差"]
["3.8","索赔费用","索赔费用"]
["3.9","现场签证费用","现场签证费用"]
["3.10","其他费用","其他费用"]
["4","税前工程造价","分部分项合计+措施合计+其他项目",null,null,180979.54]
["5","增值税销项税额","分部分项合计+措施合计+其他项目",null,null,16288.16]
["6","总造价","分部分项合计+措施合计+其他项目+增值税销项税额",null,null,197267.7]
["7","人工费","分部分项人工费+技术措施项目人工费",null,null,31083.76]

{"sheet":"表3-6 分部分项工程计价表","index":1,"n_rows":29,"n_cols":10,"rows_kept":29,"merged":[[0,0,0,9],[1,0,1,5],[1,7,1,9],[2,0,3,0],[2,1,3,1],[2,2,3,2],[2,3,3,3],[2,4,3,4],[2,5,3,7],[2,8,2,9],[4,5,4,7],[5,5,5,7],[6,5,6,7],[7,5,7,7],[8,5,8,7],[9,5,9,7],[10,5,10,7],[11,2,11,3],[11,5,11,7],[12,5,12,7],[13,5,13,7],[14,5,14,7],[15,5,15,7],[16,5,16,7],[17,5,17,7],[18,5,18,7],[19,5,19,7],[20,5,20,7],[21,5,21,7],[22,5,22,7],[23,5,23,7],[24,5,24,7],[25,5,25,7],[26,5,26,7],[27,0,27,8],[28,0,28,8]]}
["分部分项工程计价表"]
["工程名称：南村镇南雅学校围墙加高改造工程总预算（含其他费用及预备费）",{"$nulls":6},"第 1 页  共 1 页"]
["序号","项目编码","项目名称","项目特征描述","计量\n单位","工程数量",null,null,"金额（元）"]
[{"$nulls":8},"综合单价","合价"]
[1,"011503001004","金属扶手、栏杆、栏板","1.部位:A段围墙\n2.材质:15圆钢铁艺栏杆\n3.高度:1000","m","96.5",null,null,221.89,21412.39]
[2,"011503001006","金属扶手、栏杆、栏板","1.部位:B、D、E段围墙\n2.材质:15圆钢铁艺栏杆\n3.高度:1000","m","541.6",null,null,195.62,105947.79]
[3,"011503001005","金属扶手、栏杆、栏板","1.部位:C段围墙\n2.材质:15圆钢铁艺栏杆\n3.高度:0.661-1.223","m","116.6",null,null,256.08,29858.93]
[4,"010516002001","预埋铁件","1.规格:15圆镀锌圆管\n2.喷灰色防锈漆 二遍","t","0.089",null,null,19400.76,1726.67]
[5,"011610002001","金属门窗拆除","1.高度:1.6m\n2.门窗洞口尺寸:B段4米、C段4.3米","m2","13.28",null,null,12.86,170.78]
[6,"010802001002","金属(塑钢)门","1.门代号及洞口尺寸:4000*2800\n2.材质:镀锌钢管大门\n3.做法:详看图纸","m2","11.2",null,null,331.41,3711.79]
[7,"010802001003","金属(塑钢)门","1.门代号及洞口尺寸:4300*2800\n2.材质:镀锌钢管大门\n3.做法:详看图纸","m2","12.04",null,null,324.15,3902.77]
[{"$nulls":9},166731.12]
{"$rows_empty":15}
["本页小计",{"$nulls":8},166731.12]
["合  计",{"$nulls":8},166731.12]

{"sheet":"3.1措施项目费汇总表（输出清单项）","index":2,"n_rows":38,"n_cols":8,"rows_kept":38,"merged":[[0,0,0,7],[1,0,1,5],[1,6,1,7],[2,0,2,0],[2,1,2,2],[2,3,2,3],[2,4,2,4],[2,5,2,6],[3,1,3,2],[3,5,3,6],[4,1,4,2],[4,5,4,6],[5,1,5,2],[5,5,5,6],[6,1,6,2],[6,5,6,6],[7,1,7,2],[7,5,7,6],[8,1,8,2],[8,5,8,6],[9,1,9,2],[9,5,9,6],[10,1,10,2],[10,5,10,6],[11,1,11,2],[11,5,11,6],[12,1,12,2],[12,5,12,6],[13,1,13,2],[13,5,13,6],[14,1,14,2],[14,5,14,6],[15,1,15,2],[15,5,15,6],[16,1,16,2],[16,5,16,6],[17,1,17,2],[17,5,17,6],[18,1,18,2],[18,5,18,6],[19,1,19,2],[19,5,19,6],[20,1,20,2],[20,5,20,6],[21,1,21,2],[21,5,21,6],[22,1,22,2],[22,5,22,6],[23,1,23,2],[23,5,23,6],[24,1,24,2],[24,5,24,6],[25,1,25,2],[25,5,25,6],[26,1,26,2],[26,5,26,6],[27,1,27,2],[27,5,27,6],[28,1,28,2],[28,5,28,6],[29,1,29,2],[29,5,29,6],[30,1,30,2],[30,5,30,6],[31,1,31,2],[31,5,31,6],[32,1,32,2],[32,5,32,6],[33,1,33,2],[33,5,33,6],[34,1,34,2],[34,5,34,6],[35,1,35,2],[35,5,35,6],[36,1,36,2],[36,5,36,6],[37,1,37,2],[37,5,37,6]]}
["措施项目费汇总表"]
["工程名称：南村镇南雅学校围墙加高改造工程总预算（含其他费用及预备费）",{"$nulls":5},"第 1 页 共 1 页"]
["编码","名称",null,"单位","数量","单价（元）",null,"合价（元）"]
["1","绿色施工安全防护措施费"]
["1.1","综合脚手架",null,"项",1,4629.64,null,4629.64]
["粤011701012001","活动脚手架",null,"m2",2143.35,2.16,null,4629.64]
["1.2","靠脚手架安全挡板",null,"项",1]
["1.3","密目式安全网",null,"项",1]
["1.4","围尼龙编织布",null,"项",1]
["1.5","模板的支架",null,"项",1]
["1.6","施工现场围挡和临时占地围挡",null,"项",1]
["1.7","施工围挡照明",null,"项",1]
["1.8","临时钢管架通道",null,"项",1]
["1.9","独立安全防护挡板",null,"项",1]
["1.10","吊装设备基础",null,"项",1]
["1.11","防尘降噪绿色施工防护棚",null,"项",1]
["1.12","施工便道",null,"项",1]
["1.13","样板引路",null,"项",1]
["LSSGCSF00001","绿色施工安全防护措施费",null,"项","RGF+JXF","19%",null,7029.11]
[null,"小计",null,"元",{"$nulls":3},11658.75]
["2","措施其他项目"]
["WMGDZJF00001","文明工地增加费",null,"项","RGF+JXF","0%"]
["011707002001","夜间施工增加费",null,"项",null,"20%"]
["GGCSF0000001","赶工措施费",null,"项","RGF+JXF","0%"]
["QTFY00000001","其他费用",null,"项",1]
["2.5","模板工程",null,"项",1]
["2.6","垂直运输工程",null,"项",1]
["2.7","材料及小型构件二次水平运输",null,"项",1]
["2.8","成品保护工程",null,"项",1]
["2.9","井点降水工程",null,"项",1]
[null,"小计",null,"元"]
[]
[]
[]
[]
[]
[]
[null,"合计",{"$nulls":5},"11658.75"]

{"sheet":"表3-13 其他项目计价表","index":3,"n_rows":31,"n_cols":7,"rows_kept":31,"merged":[[0,0,0,6],[1,0,1,3],[1,5,1,6],[2,3,2,5],[3,3,3,5],[4,3,4,5],[5,3,5,5],[6,3,6,5],[7,3,7,5],[8,3,8,5],[9,3,9,5],[10,3,10,5],[11,3,11,5],[12,3,12,5],[13,3,13,5],[14,3,14,5],[15,3,15,5],[16,3,16,5],[17,3,17,5],[18,3,18,5],[19,3,19,5],[20,3,20,5],[21,3,21,5],[22,3,22,5],[23,3,23,5],[24,3,24,5],[25,3,25,5],[26,3,26,5],[27,3,27,5],[28,3,28,5],[29,3,29,5],[30,0,30,2],[30,3,30,5]]}
["其他项目清单与计价表"]
["工程名称：南村镇南雅学校围墙加高改造工程总预算（含其他费用及预备费）",{"$nulls":4},"第 1 页  共 1 页"]
["序号","项目名称","单位","金额（元）",null,null,"备注"]
["1","暂列金额","项"]
["2","暂估价","项"]
["2.1","材料暂估价","项"]
["2.2","专业工程暂估价","项"]
["3","计日工","项"]
["4","总承包服务费","项"]
["5","预算包干费","项",2589.67,null,null,"按分部分项的人工费与施工机具费之和的 7.00%计算"]
["6","工程优质费","项",{"$nulls":3},"按分部分项的人工费与施工机具费之和为计算基础\n国家级质量奖：12.00%；省级质量奖：7.50%；市级质量奖：4.50%"]
["7","概算幅度差","项",{"$nulls":3},"按分部分项工程费为计算基础\n建筑工程：3.00%；"]
["8","现场签证费用","项"]
["9","索赔费用","项"]
["10","其他费用","项",{"$nulls":3},"按实际发生或经批准的施工方案计算"]
{"$rows_empty":15}
["合    计",null,null,"2589.67",null,null,"-"]

{"sheet":"表3-19 规费和税金项目计算表","index":4,"n_rows":38,"n_cols":7,"rows_kept":38,"merged":[[0,0,0,6],[1,0,1,3],[1,5,1,6],[2,3,2,5],[3,3,3,5],[4,3,4,5],[5,3,5,5],[6,3,6,5],[7,3,7,5],[8,3,8,5],[9,3,9,5],[10,3,10,5],[11,3,11,5],[12,3,12,5],[13,3,13,5],[14,3,14,5],[15,3,15,5],[16,3,16,5],[17,3,17,5],[18,3,18,5],[19,3,19,5],[20,3,20,5],[21,3,21,5],[22,3,22,5],[23,3,23,5],[24,3,24,5],[25,3,25,5],[26,3,26,5],[27,3,27,5],[28,3,28,5],[29,3,29,5],[30,3,30,5],[31,3,31,5],[32,3,32,5],[33,3,33,5],[34,3,34,5],[35,3,35,5],[36,3,36,5],[37,0,37,5]]}
["规费和税金项目清单与计价表"]
["工程名称：南村镇南雅学校围墙加高改造工程总预算（含其他费用及预备费）",{"$nulls":4},"第 1 页  共 1 页"]
["序号","项 目 名 称","计 算 基 础","费率（%）",null,null,"金额（元）"]
["1","增值税销项税额","分部分项合计+措施合计+其他项目","9",null,null,16288.16]
{"$rows_empty":33}
["合计",{"$nulls":5},16288.16]

{"sheet":"5.5主要材料价格表","index":5,"n_rows":37,"n_cols":10,"rows_kept":37,"merged":[[0,0,0,9],[1,0,1,5],[1,7,1,9],[2,5,2,7],[3,5,3,7],[4,5,4,7],[5,5,5,7],[6,5,6,7],[7,5,7,7],[8,5,8,7],[9,5,9,7],[10,5,10,7],[11,5,11,7],[12,5,12,7],[13,5,13,7],[14,5,14,7],[15,5,15,7],[16,5,16,7],[17,5,17,7],[18,5,18,7],[19,5,19,7],[20,5,20,7],[21,5,21,7],[22,5,22,7],[23,5,23,7],[24,5,24,7],[25,5,25,7],[26,5,26,7],[27,5,27,7],[28,5,28,7],[29,5,29,7],[30,5,30,7],[31,5,31,7],[32,5,32,7],[33,5,33,7],[34,5,34,7],[35,5,35,7],[36,5,36,7]]}
["主要材料价格表"]
["工程名称：南村镇南雅学校围墙加高改造工程总预算（含其他费用及预备费）",{"$nulls":6},"第 1 页  共 1 页"]
["序号","材料编码","材料名称","规格","单位","数量",null,null,"市场价\n（元）","市场价合计（元）"]
[1,"01090033@1","镀锌圆钢","φ15","t",14.5208,null,null,4877.1,70819.39]
[2,"01130030","扁钢","40×4","kg",879.092,null,null,4.23,3718.56]
[3,"03010430","六角螺栓","综合","kg",1.5361,null,null,5.58,8.57]
[4,"03033126","铁插销","150","对",2.02,null,null,1.25,2.53]
[5,"03033146@1","合页","75","百个",0.12,null,null,86.03,10.32]
[6,"03135001","低碳钢焊条","综合","kg",191.879,null,null,4.98,955.56]
[7,"03135001@1","低碳钢焊条","综合","kg",9.6523,null,null,4.98,48.07]
[8,"03210290@3","防盗锥",null,"个",58,null,null,7.5,435]
[9,"03213001","铁件","综合","kg",272.1895,null,null,6.8,1850.89]
[10,"03213121","镀锌铁件",null,"kg",1677.019,null,null,4.06,6808.7]
[11,"03214231@1","铁色铁艺造型",null,"个",28,null,null,39.82,1114.96]
[12,"04010015@1","复合普通硅酸盐水泥","P.C 32.5","t",0.01,null,null,448,4.48]
[13,"04030015@1","中砂",null,"m3",0.02,null,null,278.97,5.58]
[14,"13050430","酚醛防锈漆","各种颜色","kg",17.0772,null,null,10.04,171.46]
[15,"13050500@1","油性防锈漆",null,"kg",1.994,null,null,11.89,23.71]
[16,"13090030","金属氟碳漆","面漆","kg",38.7593,null,null,102.01,3953.84]
[17,"13090035","金属氟碳漆","底漆","kg",18.0868,null,null,102.01,1845.03]
[18,"14010030","松节油",null,"kg",8.9045,null,null,8.84,78.72]
[19,"14050050","溶剂油",null,"kg",6.6869,null,null,3.94,26.35]
[20,"14350273","氟碳漆固化剂",null,"kg",2.0308,null,null,35.35,71.79]
[21,"14350680","稀释剂",null,"kg",6.2022,null,null,8.88,55.08]
[22,"14390070","氧气",null,"m3",1.0272,null,null,5.16,5.3]
[23,"14390100","乙炔气",null,"kg",0.4557,null,null,13.3,6.06]
[24,"17030050@5","镀锌方钢管","50*50*1.2","m",52.56,null,null,17.49,919.27]
[25,"17030070@1","镀锌方钢管","100*100*5","m",11.2,null,null,41.15,460.88]
[26,"17030070@2","镀锌方钢管","20*20*1","m",102.28,null,null,8.13,831.54]
[27,"20010010","镀锌法兰","DN32","片",8407.358,null,null,2.67,22447.65]
[28,"30010475@1","感应锁",null,"套",2.02,null,null,163.72,330.71]
[29,"34110010@1","水",null,"m3",0.0056,null,null,4.58,0.03]
[30,"99450760","其他材料费",null,"元",26.214,null,null,1,26.21]
[31,"03033011","滚轮",null,"套",4.04,null,null,10.23,41.33]
[]
[]
[null,null,"合  计",{"$nulls":6},117077.57]

{"sheet":"1.1.2综合单价计算表","index":6,"n_rows":64,"n_cols":9,"rows_kept":64,"merged":[[0,0,0,8],[1,0,1,5],[1,6,1,8],[2,0,2,0],[2,1,2,1],[2,2,2,3],[2,4,2,4],[2,5,2,6],[2,7,2,7],[3,0,3,0],[3,2,3,3],[3,5,3,6],[4,0,4,0],[4,2,4,3],[4,5,4,6],[5,0,5,0],[5,2,5,3],[5,5,5,6],[6,0,6,0],[6,2,6,3],[6,5,6,6],[7,0,7,0],[7,2,7,3],[7,5,7,6],[8,0,9,0],[8,2,8,3],[8,5,8,6],[9,2,9,3],[9,5,9,6],[10,0,10,0],[10,2,10,3],[10,5,10,6],[11,0,12,0],[11,2,11,3],[11,5,11,6],[12,2,12,3],[12,5,12,6],[13,0,13,0],[13,2,13,3],[13,5,13,6],[14,0,14,0],[14,2,14,3],[14,5,14,6],[15,0,15,0],[15,2,15,3],[15,5,15,6],[16,0,23,0],[16,2,16,3],[16,5,16,6],[17,2,17,3],[17,5,17,6],[18,2,18,3],[18,5,18,6],[19,2,19,3],[19,5,19,6],[20,2,20,3],[20,5,20,6],[21,2,21,3],[21,5,21,6],[22,2,22,3],[22,5,22,6],[23,2,23,3],[23,5,23,6],[24,0,24,0],[24,2,24,3],[24,5,24,6],[25,0,27,0],[25,2,25,3],[25,5,25,6],[26,2,26,3],[26,5,26,6],[27,2,27,3],[27,5,27,6],[28,0,28,8],[29,0,29,5],[29,6,29,8],[30,0,30,0],[30,1,30,1],[30,2,30,3],[30,4,30,4],[30,5,30,6],[30,7,30,7],[31,0,35,0],[31,2,31,3],[31,5,31,6],[32,2,32,3],[32,5,32,6],[33,2,33,3],[33,5,33,6],[34,2,34,3],[34,5,34,6],[35,2,35,3],[35,5,35,6],[36,0,36,0],[36,2,36,3],[36,5,36,6],[37,0,37,0],[37,2,37,3],[37,5,37,6],[38,0,38,0],[38,2,38,3],[38,5,38,6],[39,0,39,0],[39,2,39,3],[39,5,39,6],[40,0,40,0],[40,2,40,3],[40,5,40,6],[41,0,41,0],[41,2,41,3],[41,5,41,6],[42,0,42,0],[42,2,42,3],[42,5,42,6],[43,0,43,0],[43,2,43,3],[43,5,43,6],[44,0,44,0],[44,2,44,3],[44,5,44,6],[45,0,45,0],[45,2,45,3],[45,5,45,6],[46,0,46,0],[46,2,46,3],[46,5,46,6],[47,0,47,0],[47,2,47,3],[47,5,47,6],[48,0,48,0],[48,2,48,3],[48,5,48,6],[49,0,49,0],[49,2,49,3],[49,5,49,6],[50,0,50,0],[50,2,50,3],[50,5,50,6],[51,0,51,0],[51,2,51,3],[51,5,51,6],[52,0,52,0],[52,2,52,3],[52,5,52,6],[53,0,53,0],[53,2,53,3],[53,5,53,6],[54,0,54,0],[54,2,54,3],[54,5,54,6],[55,0,55,0],[55,2,55,3],[55,5,55,6],[56,0,56,0],[56,2,56,3],[56,5,56,6],[57,0,57,0],[57,2,57,3],[57,5,57,6],[58,0,58,0],[58,2,58,3],[58,5,58,6],[59,0,59,0],[59,2,59,3],[59,5,59,6],[60,0,60,0],[60,2,60,3],[60,5,60,6],[61,0,61,0],[61,2,61,3],[61,5,61,6],[62,0,62,0],[62,2,62,3],[62,5,62,6],[63,2,63,3],[63,5,63,6]]}
["综合单价计算表"]
["工程名称：南村镇南雅学校围墙加高改造工程总预算（含其他费用及预备费）",{"$nulls":5},"第 1 页 共 2 页"]
["序号","编码","名称",null,"单位","工程量",null,"综合单价\n（元）","综合合价\n（元）"]
[1,"011503001004","金属扶手、栏杆、栏板",null,"m","96.5",null,221.89,21412.39]
[null,"A1-16-106 换","钢栏杆 制安(圆钢、镀锌钢管）",null,"100m",0.965,null,22189.04,21412.42]
[2,"011503001006","金属扶手、栏杆、栏板",null,"m","541.6",null,195.62,105947.79]
[null,"A1-16-106 换","钢栏杆 制安(圆钢、镀锌钢管）",null,"100m",5.416,null,19562.43,105950.12]
[3,"011503001005","金属扶手、栏杆、栏板",null,"m","116.6",null,256.08,29858.93]
[null,"A1-16-106 换","钢栏杆 制安(圆钢、镀锌钢管）",null,"100m",1.166,null,19893.58,23195.91]
[null,"A1-15-117 换","金属面 喷氟碳面漆一遍 \u007f实际面漆遍数(遍):3",null,"100m2",0.746893,null,8921.41,6663.34]
[4,"010516002001","预埋铁件",null,"t","0.089",null,19400.76,1726.67]
[null,"A1-5-150","预埋铁件",null,"t",0.089,null,11405.05,1015.05]
[null,"A1-15-125 换","机喷防锈漆 防锈漆一遍 \u007f实际防锈漆遍数(遍):2",null,"100m2",0.642,null,1108.44,711.62]
[5,"011610002001","金属门窗拆除",null,"m2","13.28",null,12.86,170.78]
[null,"A1-19-53 R*1.5","门窗拆除(整樘) 金属 \u007f超过4m2 人工*1.5",null,"10樘",0.2,null,853.84,170.77]
[6,"010802001002","金属(塑钢)门",null,"m2","11.2",null,331.41,3711.79]
[null,"A1-9-162 换","围墙钢大门 钢管框金属网 制作 \u007f换为【镀锌钢管DN100】",null,"100m2",0.112,null,20654.9,2313.35]
[null,"A1-9-163","围墙钢大门 钢管框金属网 安装",null,"100m2",0.112,null,3809.21,426.63]
[null,"A1-9-226 换","特殊五金安装 地锁 \u007f换为【铁插销150】",null,"100套",0.01,null,126.25,1.26]
[null,"A1-9-226 换","特殊五金安装 滚轮",null,"100套",0.02,null,1033.23,20.66]
[null,"A1-9-225 换","特殊五金安装 电子锁(磁下锁)",null,"100套",0.01,null,16535.72,165.36]
[null,"A1-9-68 换","实木满州窗扇安装 合页铰接",null,"100m2",0.112,null,46.09,5.16]
[null,"A1-16-112 换","铸铁花件栏杆 安装",null,"100m",0.04,null,5396.13,215.85]
[null,"A1-16-113 换","扁铁花件栏杆 安装",null,"100m",0.04,null,14089.11,563.56]
[7,"010802001003","金属(塑钢)门",null,"m2","12.04",null,324.15,3902.77]
[null,"A1-9-162 换","围墙钢大门 钢管框金属网 制作 \u007f换为【镀锌钢管DN100】",null,"100m2",0.1204,null,20401.91,2456.39]
[null,"A1-9-163","围墙钢大门 钢管框金属网 安装",null,"100m2",0.1204,null,3809.21,458.63]
[null,"A1-9-226 换","特殊五金安装 地锁 \u007f换为【铁插销150】",null,"100套",0.01,null,126.25,1.26]
["综合单价计算表"]
["工程名称：南村镇南雅学校围墙加高改造工程总预算（含其他费用及预备费）",{"$nulls":5},"第 2 页 共 2 页"]
["序号","编码","名称",null,"单位","工程量",null,"综合单价\n（元）","综合合价\n（元）"]
[null,"A1-9-226 换","特殊五金安装 滚轮",null,"100套",0.02,null,1033.23,20.66]
[null,"A1-9-225 换","特殊五金安装 电子锁(磁下锁)",null,"100套",0.01,null,16535.72,165.36]
[null,"A1-9-68 换","实木满州窗扇安装 合页铰接",null,"100m2",0.1204,null,42.87,5.16]
[null,"A1-16-112 换","铸铁花件栏杆 安装",null,"100m",0.043,null,5378.69,231.28]
[null,"A1-16-113 换","扁铁花件栏杆 安装",null,"100m",0.043,null,13116.76,564.02]
{"$rows_empty":27}
[null,null,"合   计",{"$nulls":5},166731.12]